书目信息 |
| 题名: |
非线性光学原理
|
|
| 作者: | 沈元壤 著 ;顾世杰 译 | |
| 分册: | 上册 | |
| 出版信息: | 北京 科学出版社 1987 |
|
| 页数: | 360页 | |
| 开本: | 20cm | |
| 丛书名: | ||
| 单 册: | ||
| 中图分类: | O437 | |
| 科图分类: | ||
| 主题词: | 非线性光学 | |
| 电子资源: | ||
| ISBN: | ||
| 000 | 00716nam0 2200265 45 | |
| 001 | 0187008887 | |
| 005 | 20040701100628.2 | |
| 010 | @b精装@dCNY4.40 | |
| 091 | @a13031.3631 | |
| 100 | @a19900808d1987 emky0chiy0121 ea | |
| 101 | 1 | @achi@ceng |
| 102 | @aCN@b110000 | |
| 105 | @af z 000yy | |
| 106 | @ar | |
| 200 | 10 | @a非线性光学原理@Afei xian xing guang xue yuan li@h上册@f(美)沈元壤著@g顾世杰译 |
| 210 | @a北京@c科学出版社@d1987 | |
| 215 | @a360页@d20cm | |
| 606 | @a非线性光学 | |
| 610 | 0 | @a光学 |
| 690 | @aO437@v3 | |
| 701 | 0 | @a沈元壤@Ashen yuan rang@4著 |
| 702 | 0 | @a顾世杰@Agu shi jie@4译 |
| 801 | 0 | @aCN@b深圳图书馆@c20040521 |
| 801 | 2 | @aCN@bNLC@c20040521 |
| 905 | @dO437@e23:1@f1@b204964 | |
| 非线性光学原理.上册/(美)沈元壤著/顾世杰译.-北京:科学出版社,1987 |
| 360页;20cm |
| ISBN (精装):CNY4.40 |
| ● |
| 相关链接 |
|
|
|
|
正题名:非线性光学原理
索取号:O437/23:1
 
预约/预借
| 序号 | 登录号 | 条形码 | 馆藏地/架位号 | 状态 | 备注 |
| 1 | 0204963 | 001461466 | 第三借阅区/ [索取号:O437/23:1] | 在馆 | |
| 2 | 0204964 | 001941448 | 第三借阅区/ [索取号:O437/23:1] | 在馆 | |
| 3 | 0204965 | 001461509 | 第二样本阅览室/ [索取号:O437/23:1] | 在馆 | |
| 4 | 0204966 | 001461484 | 第三借阅区/ [索取号:O437/23:1] | 在馆 | |
| 5 | 0204968 | 001461475 | 第二样本阅览室/ [索取号:O437/23:1] | 在馆 |